<?xml version="1.0" encoding="UTF-8"?>
<marc:record xmlns:marc="http://www.loc.gov/MARC21/slim">
   <marc:leader>00000nam a2200000 a 4500</marc:leader>
   <marc:datafield ind1="1" ind2=" " tag="100">
      <marc:subfield code="a">Casny, Peter</marc:subfield>
      <marc:subfield code="4">aut</marc:subfield>
      <marc:subfield code="e">Verfasser/-in</marc:subfield>
   </marc:datafield>
   <marc:datafield ind1=" " ind2=" " tag="653">
      <marc:subfield code="a">Energieversorgung</marc:subfield>
   </marc:datafield>
   <marc:datafield ind1=" " ind2=" " tag="653">
      <marc:subfield code="a">Energiepolitik</marc:subfield>
   </marc:datafield>
   <marc:datafield ind1="0" ind2="0" tag="245">
      <marc:subfield code="a">Europas Kampf um Energie</marc:subfield>
   </marc:datafield>
   <marc:datafield ind1="0" ind2="0" tag="245">
      <marc:subfield code="b">der Ausbau der Beziehungen zur Russischen Föderation und Überlegungen zu einer zukünftigen Energiesicherheit</marc:subfield>
   </marc:datafield>
   <marc:datafield ind1="0" ind2="0" tag="245">
      <marc:subfield code="c">Peter Casny</marc:subfield>
   </marc:datafield>
   <marc:datafield ind1=" " ind2="1" tag="264">
      <marc:subfield code="a">Berlin</marc:subfield>
      <marc:subfield code="b">wvb, Wiss. Verl.</marc:subfield>
      <marc:subfield code="c">2007</marc:subfield>
   </marc:datafield>
   <marc:datafield ind1="1" ind2=" " tag="520">
      <marc:subfield code="a">Angaben aus der Verlagsmeldung

Europas Kampf um Energie : Der Ausbau der Beziehungen zur Russischen Föderation und Überlegungen zu einer zukünftigen Energiesicherheit / von Peter Casny

Der Autor - aufgewachsen in Berlin - studierte Politikwissenschaft, Volkswirtschaft und Literatur in Wien, Innsbruck und Halifax (Kanada). Zahlreiche gesellschaftliche Arrangements in NGO's, Umweltvereinen sowie Forschungsaufenthalte im GUS-Raum trugen zur persönlichen Spezialisierung auf die Energieproblematik bei. Zurzeit lebt und arbeitet der Autor in Wien und Berlin.
Das Werk bietet einen Überblick über die Energiesituation in der Europäischen Union heute und zukünftig. Gefahren und Lösungsmöglichkeiten werden detailliert geschildert, wobei die Beziehungen zur Russischen Föderation im Vordergrund stehen.
Ansätze für eine erfolgreiche Energiepolitik mittels erneuerbarer Energieträger und außenpolitische Strategien in der Kaspischen Region und Zentralasien sind Optionen, die mit den Beziehungen zur Russischen Föderation eng verknüpft sind.
</marc:subfield>
   </marc:datafield>
   <marc:datafield ind1=" " ind2=" " tag="020">
      <marc:subfield code="a">9783865732743</marc:subfield>
      <marc:subfield code="9">9783865732743</marc:subfield>
   </marc:datafield>
   <marc:datafield ind1=" " ind2=" " tag="020">
      <marc:subfield code="a">3865732747</marc:subfield>
      <marc:subfield code="9">3865732747</marc:subfield>
   </marc:datafield>
   <marc:datafield ind1=" " ind2=" " tag="041">
      <marc:subfield code="a">ger</marc:subfield>
   </marc:datafield>
   <marc:datafield ind1=" " ind2=" " tag="300">
      <marc:subfield code="a">123 S.</marc:subfield>
   </marc:datafield>
</marc:record>
